000 00558nam a2200229Ia 4500
003 OSt
005 20220924151011.0
006 a|||||r|||| 00| 0
007 ta
008 220923b |||||||| |||| 00| 0 mal d
024 _a335597
037 _cTextual
040 _aARTS
_cARTS
_bmal
041 _2mal
_amal
082 _aO32v, M2
100 _aGeorge K.M.
245 0 _aJeevaharitrasahityam
260 _c1982
650 _aMALAYALAM LITERATURE
_938866
942 _hO32v, M2
_cTEXL
_2CC
999 _c465243
_d465243